[Event "GER-chT U14 Girls"]
[Site "Greifswald"]
[Date "2001.12.27"]
[Round "2.2"]
[White "Lorenz, Jennifer"]
[Black "Goetze, Nadja"]
[Result "0-1"]
[WhiteElo "1035"]
[BlackElo "1227"]
[PlyCount "86"]
[EventDate "2001.12.27"]
[EventType "team-swiss"]
[EventRounds "7"]
[EventCountry "GER"]
[SourceTitle "EXT 2003"]
[Source "ChessBase"]
[SourceDate "2002.11.25"]
[SourceVersion "1"]
[SourceVersionDate "2002.11.25"]
[SourceQuality "1"]
[WhiteTeam "Hemer U14 Girls"]
[BlackTeam "Ruedersdorf Glueckauf U14 Girls"]
[WhiteTeamCountry "GER"]
[BlackTeamCountry "GER"]

1. e4 e6 2. d4 d5 3. exd5 exd5 4. c4 Nf6 5. Nf3 Bg4 6. h3 Bh5 7. Be2 Bb4+ 8. Nc3 Bxc3+ 9. bxc3 h6 10. 0-0 0-0 11. cxd5 Nxd5 12. c4 Nc3 13. Qd3 Nxe2+ 14. Qxe2 Qf6 15. Qd3 Nd7 16. Ba3 Rfe8 17. Rae1 Bg6 18. Rxe8+ Rxe8 19. Qb3 b6 20. Re1 Rxe1+ 21. Nxe1 Qxd4 22. Nf3 Qe4 23. Qd1 Ne5 24. Qd8+ Kh7 25. Qf8 Nxf3+ 26. gxf3 Qxf3 27. Bb2 f6 28. Qc8 Bf5 29. Kh2 Bxc8 30. Bd4 Qxh3+ 31. Kg1 Bb7 32. f3 Bxf3 33. Kf2 Qg2+ 34. Ke3 g5 35. Bxf6 Qe2+ 36. Kd4 c5+ 37. Kc3 Qe3+ 38. Kc2 Be4+ 39. Kb2 Qd2+ 40. Kb3 Qc2+ 41. Ka3 Qc1+ 42. Ka4 Qxc4+ 43. Ka3 Qb4# 0-1